| 000 | 00682nam a22002177a 4500 | ||
|---|---|---|---|
| 999 |
_c6745 _d6745 |
||
| 003 | OSt | ||
| 005 | 20200311144229.0 | ||
| 008 | 200311b ||||| |||| 00| 0 eng d | ||
| 020 | _a003061936x | ||
| 040 | _c040a | ||
| 082 | _a539 WIL 1984 | ||
| 100 |
_aWilliams, John E _913841 |
||
| 245 |
_aModern physics / _cJohn E. Williams, Frederick E. Trinklein, H. Clark Metcalfe |
||
| 260 |
_aNew York _bHolt, Rinehart and Winston publishers _c1984 |
||
| 300 |
_axvi, 720p; _bcol.ill : _c18 cm. |
||
| 504 | _aIncludes bibliographical references and index | ||
| 650 | _2Physics | ||
| 700 |
_aTrinklein, Frederick E. _913842 |
||
| 700 |
_aMetcalfe, H. Clark _913843 |
||
| 942 |
_2ddc _cO_SHELF |
||